00665nam a22002057a 4500010001300000020003500013035001300048037001300061082001600074100007100090245005100161246006400212250000900276260004000285270006800325300002500393600001600418700001600434760000900450 aB-213145 a8170491738cManas Publications aB-213145 aDBAD/PUB 22004aSb1+ aJha,AparnadManas Publicationsq24 Ansari Road Darya Ganj Delhi-02 aBlack, White & Polka DotcJha, AparnahEnglish aब्लैक वाइट & पोल्का डॉट a2004 aNew DelhibManas Publicationsc2004 a4858, Prahlad Street, 24, Ansari Road, Darya Ganj, New Delhi-02 a128 pages;b22cm ;CB dJha, Aparna aJha, Aparna b2004